000 00622nam a2200229Ia 4500
003 OSt
005 20221007075205.0
006 a|||||r|||| 00| 0
007 ta
008 221006b |||||||| |||| 00| 0 eng d
024 _a12,398
037 _cTextual
040 _aFLL
_cFLL
_beng
041 _2eng
_aeng
082 _aV2,7.N7, M3
100 _aPrasad Anirudh Au.
_9685775
245 0 _aDemocracy politics and judiciary in India
260 _aNew Delhi
_bDeep & Deep pub. India
_c1983
300 _a280p
_ccm.
942 _hV2,7.N7, M3
_cTEXL
_2CC
999 _c1155134
_d1155134